Responses for Show #6943 - Wednesday, November 19, 2014

2014 Tournament of Champions semifinal game 3.

Contestants

[<< previous game]

Sandie Baker, a data and translation coordinator from Eastpointe, Michigan

Joshua Brakhage, a TV news producer originally from South Coffeyville, Oklahoma

Ben Ingram, an IT consultant originally from Florence, South Carolina

[next game >>]

Jeopardy! Round responses

LITERARY CHARACTERS
ENTERTAINMENT
WHAT DAY IS IT?
THE SCIENTIFIC NAME GAME
SOMETHING TO EAT
"IUM"
    $200 8
Becky Thatcher

Sandie
    $200 20
Radio City Music Hall

Ben
    $200 3
[Alex reads the blank as "this".]

Monday

Ben
    $200 15
pharaoh

Ben
    $200 25
miso

Sandie
    $200 10
medium

Ben
    $400 9
Simon Legree

Ben
    $400 21
Joan Rivers

Joshua
    $400 7
Friday

Joshua
    $400 16
a beetle

Triple Stumper
    $400 26
tripe

Ben
    $400 11
opium

Sandie
    $600 5
Mike Hammer

Ben
    $600 22
Martin Scorsese

Triple Stumper
    $600 1
Wednesday

Joshua
    $600 17
it likes to be alone

Sandie
    $600 27
duff

Sandie
    $600 12
(Sandie: What is stadium?)

auditorium

BenSandie
    $1,800 6
Mowgli

Ben
    $800 23
Once

Triple Stumper
    $800 2
Sunday

Sandie
    $800 18
gastropod

Ben
    $800 28
spumoni

Joshua
    $800 13
Pandemonium

Triple Stumper
    $1000 30
the Saint

Sandie
    $1000 24
Tanglewood

Triple Stumper
    $1000 4
[Alex reads the blank as "when".]

Tuesday

Ben
    $1000 19
David Attenborough

Ben
    $1000 29
moo goo gai pan

Sandie
    $1000 14
(Alex: Language is Latin. The territory is [*].)

Latium

Triple Stumper

Scores at the first commercial break (after clue 15):

Ben Joshua Sandie
$5,000 $1,000 $800

Scores at the end of the Jeopardy! Round:

Ben Joshua Sandie
$7,400 $2,200 $4,200

Double Jeopardy! Round responses

CAPITALS OF NON-COUNTRIES
"J" MOVIES
CLASSICAL RADIO
REAL ESTATE
A MASSIVE AGGRESSIVE ATTITUDE
12 LETTERS & STARTS WITH A VOWEL
    $400 16
the Falklands

Ben
    $400 1
(Ben: What is Julia?)

Julie & Julia

BenJoshua
    $400 7
NBC

Ben
    $400 21
refinance

Joshua
    $400 20
Poland

Ben
    $400 23
unchaperoned

Joshua
    $800 17
the Isle of Man

Sandie
    $800 2
The Jerk

Joshua
    $800 18
the BBC

Sandie
    $800 22
staging

Ben
    $800 28
Cuba

Ben
    $800 25
abolitionist

Sandie
    $1200 4
Greenland

Joshua
    $1200 3
Jumanji

Ben
    $1200 10
(Joshua: What's concert?)

symphony

BenJoshua
    $1200 12
RE/MAX

Ben
    $2,000 15
(Alex: Looking good, Ben. You have $18,200. Want to make it a True Daily Double?)
(Ben: No, sir.)
[Laughter]

the Tet Offensive

Ben
    $1200 26
asymmetrical

Sandie
    $1600 8
(Joshua: What are the Canary Islands?)

the Azores

BenJoshua
    $1600 5
Jagged Edge

Sandie
    $4,000 11
(Alex: Pulled it out of thin air, did you, Ben? Way to go.)
[Ben chuckles.]

WGBH

Ben
    $1600 13
homeowners association

Ben
    $1600 24
(Anthony) Wayne

Ben
    $1600 27
imperfection

Ben
    $2000 9
(Sandie: What is Samoa?)

the Cook Islands

Sandie
Triple Stumper
    $2000 6
Jacob's Ladder

Triple Stumper
    $2000 19
(John) Cage

Ben
    $2000 14
fixtures

Triple Stumper
    $2000 30
Xerxes (the Great)

Ben
    $2000 29
(Sandie: What is open-minded?)

impartiality

Sandie
Triple Stumper

Scores at the end of the Double Jeopardy! Round:

Ben Joshua Sandie
$29,800 $2,600 $5,400
(lock game)

[wagering suggestions for these scores]

Final Jeopardy! Round responses

21st CENTURY BOOKS
(Alex: "I meant what I said, and I said what I meant.")
...
(Alex: [Revealing Joshua's wager] All right! You're providing us with a lot of humor today. Thank you for that.)
...
(Alex: [To Ben] Ben Ingram, let's take a look. Any honor on this Final? "What is [*]?" Yes, indeed. That is correct.)
[Ben shakes his head.]
(Alex: And your wager--not that it matters or counts--$0. $29,800. Come on over here. You are a finalist. You're gonna play for a quarter million dollars against these two people. You're gonna meet them for the first time...)
(Julia: Julia Collins, Kenilworth, Illinois.)
(Arthur: Arthur Chu, Broadview Heights, Ohio.)
(Alex: Remember folks, it's a two-day total-point final. It starts tomorrow. Join us then. So long, everybody.)
JoshuaWhat is thanks for clapping for me, Mom & Cami.
$6
SandieWhat is
$5,000
BenWhat is Water for Elephants??
$0
Water for Elephants

Final scores:

Ben Joshua Sandie
$29,800 $2,594 $400
Finalist 2nd place: $10,000 3rd place: $10,000

Game dynamics:

Coryat scores:

Ben Joshua Sandie
$25,600 $2,600 $5,400
28 R
(including 3 DDs),
1 W
9 R,
2 W
13 R,
3 W

Combined Coryat: $33,600

[game clues] [game scores] [suggest correction]

Game tape date: 2014-10-01
The J! Archive is created by fans, for fans. Scraping, republication, monetization, and malicious use prohibited; this site may use cookies and collect identifying information. See terms. The Jeopardy! game show and all elements thereof, including but not limited to copyright and trademark thereto, are the property of Jeopardy Productions, Inc. and are protected under law. This website is not affiliated with, sponsored by, or operated by Jeopardy Productions, Inc. Join the discussion at JBoard.tv.